000
00211 a2200097 4500
001
42256
100
_a
Hughes T P
245
_a
Dictionary of Islam
260
_a
_b
Premier Book House
_c
090
_c
26229
_d
26229
942
_a
NUST-CAE
_c
M
_c
18035
999
_c
277329
_d
277329